000 01749nam a22002772 4500
001 1214
003 BD-RjUL
005 20211208233308.0
008 020917s1961 be a 100 0 fre d
035 _a(BD-RjUL)1236
040 _aBD-RjUL
_beng
_cBD-RjUL
041 0 _afreeng
082 0 0 _222
_a005.11
_bCON 1965
111 2 _aInternational Congress on Cybernetics
_n(3rd :
_d1961 :
_cNamur, Belgium)
_93594
245 1 0 _a3e congrès international de cybernétique :
_bNamur, 11-15 septembre 1961 : actes = 3rd international congress on cybernetics : Namur, September 11-15th, 1961 : proceedings /
_cAssociation Intnerationale de Cybernétique.
246 1 0 _aTroisième congrès international de cybernétique
246 1 0 _aThird international congress on cybernetics
260 _aNamur [Belgium] :
_bAssociation internationale de cybernétique,
_c1965.
300 _axxxiii, 972 p. :
_bill. ;
_c25 cm.
505 0 _a[Papers :] Cybernétique et biologie / Henri Laborit. -- The cybernetics of evolutionary processes and of self organizing systems / Gordon A. Pask. -- Variabilité et spécificité / François Bonsack. [Workshops :] Les fondements et les méthodes de la cybernétique = Principles and methods of cybernetics. -- Les machines sémantiques = Semantic machines. -- L'automation : aspects techniques = Automation : technical aspects. -- L'automation : aspects économiques et sociaux = Automation : economic and social aspects. -- La cybernétique et la vie = Cybernetics and life.
650 0 _aEvolutionary programming (Computer science)
_vCongresses.
_93595
650 0 _aCybernetics
_vCongresses.
_93596
650 0 _aAutomation
_vCongresses.
_93597
710 2 _aInternational Association for Cybernetics.
_93598
942 _2ddc
_cBK
999 _c1214
_d1214